000 00488nam a22001697a 4500
005 20251108171851.0
008 250721s1982 xx 000 0 ara d
082 1 4 _aط/م/641.1/تغذ
245 1 0 _aالتغذية و عناصرها /
264 1 _aبيروت :
_bشركة إنماء النشر و التسويق،
_c1982.
300 _a160ص : مص
490 0 _aكتاب المعرفة
650 1 7 _aالغذاء
650 1 7 _aالتغذية
942 _2ddc
_cBK
999 _c64646
_d64646